000 00948nam a22002657a 4500
005 20240530110350.0
008 141220s2006 ua o f b 000 0 ara d
017 _a23511/2005
_bمصر . دار الكتب المصرية
020 _a9772086034
040 _aEG-CaGPL
041 0 _aara
082 0 4 _221
_a200.901232
_bق/ع إ
100 0 _aعزة فاروق سيد
245 1 2 _aالاله بس ودوره فى الديانة المصرية /
_cعزة فاروق سيد
250 _aط 1
260 _aالقاهرة :
_bمكتبة مدبولى ،
_c2006
300 _a139 ص :
_bصور ؛
_c24 سم
490 0 _aصفحات من تاريخ مصر الفرعونية
504 _aببليوجرافية : ص 101 - 114
650 0 4 _aالاله بس
650 0 4 _aالحضارة الفرعونية
650 0 4 _aالديانات المصرية القديمة
942 _2ddc
_cBK
999 _c60053
_d60053